Eurovision third places (2000-2019) - Statistics

General Stats
  • This quiz has been taken 211 times
    181 since last reset
  • The average score is 18 of 21
Answer Stats
Year Country Song % Correct
2003 Russia Ne Ver', Ne Bojsia
97%
2007 Russia Song Number One
97%
2016 Russia You Are the Only One
97%
2019 Russia Scream
97%
2011 Sweden Popular
95%
2014 Sweden Undo
95%
2018 Austria Nobody but You
94%
2002 United Kingdom Come Back
94%
2015 Italy Grande amore
91%
2001 Greece Die For You
88%
2004 Greece Shake It
88%
2008 Greece Secret Combination
88%
2017 Moldova Hey, Mamma!
88%
2005 Romania Let Me Try
85%
2010 Romania Playing with Fire
85%
2009 Azerbaijan Always
84%
2013 Ukraine Gravity
84%
2002 Estonia Runaway
81%
2012 Serbia Nije Ljubav Stvar
81%
2000 Latvia My Star
74%
2006 Bosnia and Herzegovina Lejla
63%
No matching quizzes found
Score Distribution
Percent of People with Each Score
Percentile by Number Answered
Your Score History
You have not taken this quiz since the last reset